000 00250 a2200097 4500
001 13151
100 _aMontoya, P
245 _aArt of strategic Management : Strategic Personal Branding
260 _a
_bJAICO Publishing House
_c
090 _c10154
_d10154
942 _aNUST-CAE
_cM
_c175
999 _c248224
_d248224